Секьюритизация ипотеки: мировой опыт, структурирование и анализ: пер. с англ.

Détails bibliographiques
Autres auteurs: Дэвидсон Э. Эндрю (редактор), Сандерс Э. Энтони, Вольф Л. Лэн-Линг, Чинг А. Анне, Иванов О. М.
Résumé:Эта книга — первое переведенное на русский язык издание, посвященное секьюритизации ипотеки. Она представляет собой глубокое и доступное исследование данного рынка, в котором простота повествования мастерски сочетается с изложением мельчайших деталей. Известный специалист американского рынка секьюритизации Э. Дэвидсон и его соавторы раскрывают секреты американского рынка секьюритизации, демонстрируют логику и первопричины его развития, раскрывают детали оформления сделок, их преимущества и ограничители, описывают основные (математические) модели и методы анализа ценных бумаг. Большая часть книги посвящена секьюритизации ипотечных кредитов, в то же время в ней затрагиваются вопросы секьюритизации других активов — автокредитов, поступлений по кредитным картам, кредитам на приобретение сборных домов. Дается обзор европейского рынка секьюритизации: истории его становления, правовых основ и способов структурирования сделок. Редакторы русского издания предприняли попытку строгого перевода соответствующих правовых, экономических и финансовых терминов и понятий, которые лишь недавно закреплены или только ожидают своего закрепления в нормативных документах. Книга открывается вступительным словом министра экономического развития и торговли Российской Федерации Г. О. Грефа. Книга будет интересна и полезна российским финансистам, аналитикам, юристам, всем теоретикам и практикам, внимательно изучающим современные способы финансирования и анализа финансовых инструментов.
Langue:russe
Publié: Москва, Вершина, 2007
Collection:Библиотека АИЖК
Sujets:
Format: MixedMaterials Livre
KOHA link:https://koha.lib.tpu.ru/cgi-bin/koha/opac-detail.pl?biblionumber=123942

MARC

LEADER 00000nam0a2200000 4500
001 123942
005 20231031130703.0
010 |a 9785962603247 
010 |a 5-9626-0324-9 
035 |a (RuTPU)RU\TPU\book\134143 
090 |a 123942 
100 |a 20071025d2007 km y0rusy50 ca 
101 1 |a rus  |c eng 
102 |a RU 
105 |a a z 001zy 
200 1 |a Секьюритизация ипотеки: мировой опыт, структурирование и анализ  |e пер. с англ.  |f Э. Дэвидсон [и др.]  |g под ред. О. М. Иванова 
210 |a Москва  |a СПб.  |c Вершина  |d 2007 
215 |a 592 с.  |c ил. 
225 1 |a Библиотека АИЖК 
320 |a Библиография: с. 589-590. 
330 |a Эта книга — первое переведенное на русский язык издание, посвященное секьюритизации ипотеки. Она представляет собой глубокое и доступное исследование данного рынка, в котором простота повествования мастерски сочетается с изложением мельчайших деталей. Известный специалист американского рынка секьюритизации Э. Дэвидсон и его соавторы раскрывают секреты американского рынка секьюритизации, демонстрируют логику и первопричины его развития, раскрывают детали оформления сделок, их преимущества и ограничители, описывают основные (математические) модели и методы анализа ценных бумаг. Большая часть книги посвящена секьюритизации ипотечных кредитов, в то же время в ней затрагиваются вопросы секьюритизации других активов — автокредитов, поступлений по кредитным картам, кредитам на приобретение сборных домов. Дается обзор европейского рынка секьюритизации: истории его становления, правовых основ и способов структурирования сделок. Редакторы русского издания предприняли попытку строгого перевода соответствующих правовых, экономических и финансовых терминов и понятий, которые лишь недавно закреплены или только ожидают своего закрепления в нормативных документах. Книга открывается вступительным словом министра экономического развития и торговли Российской Федерации Г. О. Грефа. Книга будет интересна и полезна российским финансистам, аналитикам, юристам, всем теоретикам и практикам, внимательно изучающим современные способы финансирования и анализа финансовых инструментов. 
610 1 |a экономика 
610 1 |a финансы 
610 1 |a кредит 
610 1 |a ипотека 
610 1 |a ипотечное кредитование 
610 1 |a секьюритизация 
610 1 |a инвестиционный анализ 
610 1 |a рынок 
610 1 |a MBS 
610 1 |a ценные бумаги 
610 1 |a процентные ставки 
610 1 |a инвестиционные стратегии 
610 1 |a опционы 
610 1 |a кредитные риски 
610 1 |a автокредиты 
610 1 |a кредиты под залог недвижимости 
610 1 |a коммерческая ипотека 
610 1 |a трасты 
610 1 |a Европа 
610 1 |a правовые вопросы 
686 |a У826.21  |v LBC/SL-A  |2 rubbk 
701 1 |a Дэвидсон  |b Э.  |g Эндрю 
701 1 |a Сандерс  |b Э.  |g Энтони 
701 1 |a Вольф  |b Л.  |g Лэн-Линг 
701 1 |a Чинг  |b А.  |g Анне 
702 1 |a Иванов  |b О. М.  |4 340 
801 1 |a RU  |b 63413507  |c 20071025  |g PSBO 
801 2 |a RU  |b 63413507  |c 20120626  |g PSBO 
942 |c BK